NFL Quarterbacks 2016-2017 - Statistics

General Stats
  • This quiz has been taken 4,548 times
    4,395 since last reset
  • The average score is 25 of 32
Answer Stats
Team Quarterback % Correct
Carolina Panthers Cam Newton
95%
Baltimore Ravens Joe Flacco
94%
Green Bay Packers Aaron Rodgers
92%
New York Giants Eli Manning
92%
New England Patriots Tom Brady
92%
Dallas Cowboys Dak Prescott
90%
Arizona Cardinals Carson Palmer
89%
New Orleans Saints Drew Brees
89%
Atlanta Falcons Matt Ryan
89%
Kansas City Chiefs Alex Smith
88%
Cincinnati Bengals Andy Dalton
88%
Detroit Lions Matthew Stafford
88%
Seattle Seahawks Russell Wilson
88%
Oakland Raiders Derek Carr
86%
Pittsburg Steelers Ben Roethlisberger
85%
San Diego Chargers Philip Rivers
85%
Indianapolis Colts Andrew Luck
84%
Philadelphia Eagles Carson Wentz
81%
Tampa Bay Buccaneers Jameis Winston
79%
Jacksonville Jaguars Blake Bortles
78%
Chicago Bears Jay Cutler
78%
Washington Redskins Kirk Cousins
78%
Miami Dolphins Ryan Tannehill
78%
Buffalo Bills Tyrod Taylor
78%
Tennessee Titans Marcus Mariota
73%
San Francisco 49ers Colin Kaepernick
68%
New York Jets Ryan Fitzpatrick
62%
Minnesota Vikings Sam Bradford
61%
Houston Texans Brock Osweiler
54%
Los Angeles Rams Case Keenum
47%
Denver Broncos Trevor Siemian
44%
Cleveland Browns Josh McCown
39%
No matching quizzes found
Score Distribution
Percent of People with Each Score
Percentile by Number Answered
Your Score History
You have not taken this quiz since the last reset